000 00802nam a2200205 a 4500
003 0
005 20250618164051.0
008 021121s19uu xx 00 eng d
050 _aPGS HQ 799.2.C45
_b.C339 2000
100 _aCasilao, Sarah Mae Juvida.
245 _aCellphone practices of Southville International School students and other related information /
_cSarah Mae Juvida Casilao.
260 _aLas PiƱas City, Philippines :
_bSouthville International School and Colleges,
_c2000.
300 _a54 pages :
_bcolored illustrations ;
_c28 cm.
504 _aIncludes bibliographical references.
650 _aCell phones
_vSocial aspects.
650 _aCell phones in education.
650 _aStudents
_vConduct of life.
650 _aTechnology use
_zPhilippines
_vYouth.
942 _2lcc
_cPASS
999 _c96309
_d96309